000 01134nam a2200325Ia 4500
001 Para_8688
003 CHAP
008 220125s1992 xx 000 0 und d
010 _a207499
040 _cCHAP
082 _aPA 635 A5
100 _aAnaya Rosales, Socorro, ed.
_9165686
245 _aManejo fitosanitario de las hortalizas en México /
_c ed. por Socorro Anaya Rosales, Nestor Bautista Martínez y Baldemar Domínguez Ruíz
260 _aChapingo, Méx. :
_b Colegio de Postgraduados. Centro de Entomología y Acarología
300 _a412 p.
650 _aControl de plagas
_927595
650 _aLegumbres
_x enfermedades
_965709
650 _aLegumbres
_x plagas
_965768
650 _aSanidad vegetal
_x leyes
_9102230
700 _aBautista Martínez, Nestor, ed.
_9163842
700 _aDomínguez Ruíz, Baldemar, ed.
_9174095
710 _aColegio de Postgraduados. Centro de Entomología y Acarología
_9164258
901 _aPA 635 A5
902 _aA
905 _a0000001992 an 0000000000 00
910 _a1992
942 _cPARA
942 _cPARA
_d1
999 _c207499
_d207499